000 00432nam a22001697a 4500
003 OSt
005 20211201101940.0
008 211201b |||||||| |||| 00| 0 eng d
020 _a9781844451753
040 _cHU
082 _a372.21/TEA
100 _aJO BASFORD
_921224
245 _aACHIEVING QTS TEACHING EARLY YEARS FOUNDATION STAGE
260 _aLONDON
_bLEARNING MATTERS
_c2008
300 _a169P
942 _2ddc
_cBOOKS
_n0
999 _c20894
_d20894